000 02261cas a2200553 a 4500
001 12039560
003 OSt
005 20230704090646.0
008 000613c19889999mnuar l 0 a0eng c
010 _asn 93033828
016 7 _a018486068
_2Uk
022 0 _a1076-6936
_l1076-6936
_21
035 _a(OCoLC)ocm18807022
037 _bWest Group, 610 Opperman Drive, P.O. Box 64526, St. Paul, MN 55164-0526
040 _aJAL
_beng
_cJAL
_dIUL
_dNSD
_dWAU
_dDLC
_dHVL
_dOCLCQ
_dOCLCF
_dYDXCP
_dOCLCA
_dLRP
_dOCLCA
_dOCLCQ
_dUKMGB
_dNJR
_dOCLCO
_dOCL
042 _apcc
_ansdp
043 _an-us---
050 0 0 _aKF3775.A29
_bU572
082 1 0 _a344
_212
_bWES
110 1 _aUnited States.
210 0 _aSel. environ. law statut.
_b(Educ. ed.)
222 0 _aSelected environmental law statutes
_b(Educational ed.)
240 1 0 _aSelected environmental law statutes (Educational edition)
245 1 0 _aSelected environmental law statutes.
250 _aEducational ed.
260 _aSt. Paul, Minn. :
_bWest Pub. Co.
300 _avolumes ;
_c25 cm
310 _aAnnual
336 _atext
_btxt
_2rdacontent
337 _aunmediated
_bn
_2rdamedia
338 _avolume
_bnc
_2rdacarrier
362 1 _aBegan with 1987-88?
550 _aIssued by: West Publishing Co., <1981-1996>; by: West Group, 1997- ; by Thomson/West, <2008->
588 _aDescription based on: 1990-91.
588 _aLatest issue consulted: 2008/2009.
650 0 _aEnvironmental law
_zUnited States.
650 7 _aEnvironmental law.
_2fast
_0(OCoLC)fst00913122
651 7 _aUnited States.
_2fast
_0(OCoLC)fst01204155
655 7 _aPeriodicals.
_2fast
_0(OCoLC)fst01411641
655 7 _aPeriodicals.
_2lcgft
710 2 _aWest Publishing Company.
710 2 _aWest Group.
775 1 _aUnited States.
_tSelected environmental law statutes
_w(DLC) 87640264
_w(OCoLC)7295138
776 0 8 _iOnline version:
_aUnited States.
_tSelected environmental law statutes (Educational edition)
_w(OCoLC)762542803
906 _a7
_bcbc
_cserials
_d2
_encip
_f19
_gn-oclcserc
942 _2ddc
_cBK
999 _c3585
_d3585